000 00303nam a2200121Ia 4500
005 20251222154306.0
008 251222s9999||||xx |||||||||||||| ||spa||
020 _a958-600-026-5
082 _a540/W78
100 _a"Wolfe, Drew H."
245 0 _a"Química general, orgánica y biolégica"
942 _cLIB
999 _c33205
_d33205